| 000 | 00567nam a2200217Ia 4500 | ||
|---|---|---|---|
| 003 | OSt | ||
| 005 | 20220926045050.0 | ||
| 006 | a|||||r|||| 00| 0 | ||
| 007 | ta | ||
| 008 | 220923b |||||||| |||| 00| 0 eng d | ||
| 037 | _cGeneral Book | ||
| 040 |
_aRTL _cRTL _beng |
||
| 041 |
_2eng _aeng |
||
| 082 | _aU8:261:N5, J8 | ||
| 100 |
_aBertrand Gabrielle _9349797 |
||
| 245 | 0 | _aSecret lands where women reign | |
| 260 | _c1958 | ||
| 650 |
_aTravels _9238248 |
||
| 942 |
_hU8:261:N5, J8 _cGB _2CC |
||
| 999 |
_c676572 _d676572 |
||